[Event "Rubinstein Memorial 34th"]
[Site "Polanica Zdroj"]
[Date "1997.??.??"]
[Round "3"]
[White "Gelfand, Boris"]
[Black "Andersson, Ulf"]
[Result "1-0"]
[WhiteElo "2695"]
[BlackElo "2640"]
[Annotator "Gelfand,B"]
[PlyCount "87"]
[EventDate "1997.08.19"]
[EventType "tourn"]
[EventRounds "11"]
[EventCountry "POL"]
[EventCategory "16"]
[SourceTitle "CBM 061"]
[Source "ChessBase"]
[SourceDate "1997.11.23"]
[SourceVersion "1"]
[SourceVersionDate "1997.11.23"]
[SourceQuality "1"]

1. c4 {Krasenkow. Ftacnik Tsesarsky} c5 2. Nf3 g6 3. d4 cxd4 4. Nxd4 Nc6 5. e4
Nf6 6. Nc3 d6 7. Be2 Nxd4 8. Qxd4 Bg7 9. Be3 Be6 10. O-O (10. f3 {Tsesarsky} a6
11. Qd2 Rc8 12. Nd5 Nd7 13. Rc1 O-O 14. O-O a5 15. b3 Nc5 16. Bd3 Kh8 17. Bb1
Bxd5 18. exd5 $14 {1-0 Bottema,T-Trauth,M/Lugano op 1989/TD 89\01 (53)}) 10...
O-O 11. Qd2 Qa5 (11... Re8 {Tsesarsky} 12. Bh6 Bh8 13. f3 Rc8 14. b3 Qa5 15.
Rac1 Bd7 16. Kh1 Bc6 17. Be3 Nd7 18. Bd4 Bxd4 19. Qxd4 Qc5 $11 {Laszlo,
D-Koberl,F/HUN-ch 1951/MCL 08/0-1 (54)}) (11... Rc8 {Tsesarsky} 12. b3 a6 13.
Rac1 Kh8 14. Rc2 Qa5 15. Rfc1 Nd7 16. f3 f5 17. exf5 gxf5 18. f4 $14 {
Sanguineti,R-Pelikan,J/ARG-ch Buenos Aires 1965/MCD-ch/1-0 (51)}) 12. Rab1 (12.
Rac1 {Ftacnik} Rfc8 13. b3 a6 14. f4 b5 15. f5 Bd7 16. b4 Qxb4 17. e5 dxe5 18.
fxg6 Be6 19. gxf7+ Bxf7 20. Bh6 Bxh6 21. Qxh6 Bxc4 22. Qg5+ Kh8 23. Rxf6 Rg8
$19 {Ivanchuk,V-Anand,V (1) Moscow PCA 25' (03) 1994 0-1 33}) 12... Rfc8 (12...
Ng4 $5 {Ivanchuk,V} 13. Nd5 (13. Bd4 Bxd4 14. Qxd4 Qe5 15. Qxe5 Nxe5 $11) (13.
b4 Bxc3 $1 14. Qxc3 Qe5 15. Qxe5 Nxe5 $13) 13... Qxd2 14. Bxd2 Bxd5 15. cxd5
Nf6 16. f3 Rfc8 17. Rfc1 $14) 13. b3 (13. b4 $6 {Ftacnik} Qd8 14. c5 a5 15. a3
axb4 16. axb4 Ra3 17. Nb5 Ra2 18. Qd3 d5 $11 {Hanel,R-Stefansson,H Vienna op 
(05) 1991 1/2 30}) 13... Ng4 (13... b5 $6 {Ftacnik} 14. b4 $1 Qc7 15. e5 dxe5
16. Nxb5 $16) (13... Nd7 {Tsesarsky} 14. Rfc1 (14. Nd5 Qxd2 15. Bxd2 Bxd5 16.
exd5 b5 $15) 14... Qd8 {'?!' Krasenkow.} 15. Nd5 Nc5 (15... Bxd5 16. exd5 a5
17. h4 h5 $1 18. g3 $11) 16. Bf3 a5 17. h4 {'->!' Krasenkow. Krasenkow:
'Ivanchuk-Anand, Buenos Aires 1994'} Bxd5 18. exd5 $14 {Ftacnik} (18. cxd5 b5
$11) 18... Qd7 19. Qe2 $1 Re8 20. h5 Qf5 $6 21. Rd1 Be5 22. g4 Qc8 (22... Qf6
23. g5 Qh8 24. Bg2 $16) 23. Kg2 {1-0 Ivanchuk,V-Anand,V/Buenos Aires Sicilian 
(03)/1994 (35)}) (13... a6 {Ftacnik} 14. Rfc1 Qb4 (14... Rab8 15. f3 Nd7 (15...
Kf8 16. b4 (16. Qe1 Nd7 17. b4 Qd8 18. Nd5 Bxd5 19. cxd5 b6 20. a4 a5 21. bxa5
bxa5 22. Rb5 Nc5 23. Qd1 Ra8 24. g4 Kg8 25. Kg2 Qf8 {1-0 Morovic Fernandez,
I-Kudrin,S/New York op (04) 1997}) 16... Qd8 17. Nd5 {'+/=' Krasenkow.
Krasenkow: 'Psakhis-Am.Rodriguez, Andorra 1996'} (17. c5 dxc5 18. Qxd8+ Rxd8
19. bxc5 $14) 17... b5 (17... Nxd5 18. exd5 Bf5 19. Rb3) 18. a3 Rc6 19. a4 bxa4
20. Qa2 Bd7 21. Bd1 Nxd5 22. exd5 Rc7 23. Bxa4 Rcb7 24. Bxd7 Qxd7 25. c5 {
1-0 Psakhis,L-Rodriguez,Am/Andorra (08)/1996 (42)}) 16. b4 Qd8 17. Nd5 Bxd5 (
17... f5 18. Bg5 Nf6 19. Nxf6+ exf6 20. Bf4 Bf8 21. c5 fxe4 22. fxe4 Rc6 {
1/2-1/2 Micic,J-Ptacnikova,L/Erevan olw (14)/1996 (51)}) 18. Qxd5 Qc7 19. Qd1
a5 20. a3 axb4 21. axb4 b6 22. f4 Rd8 23. Bf3 Bh6 24. Qb3 e5 25. f5 Bxe3+ 26.
Qxe3 {1/2-1/2 Kudrin,S-Dzindzichashvili,R/USA-ch Modesto (02)/1995 (45)}) (
14... Nd7 15. f4 Rab8 16. b4 Qd8 17. Nd5 Nf6 18. Bf3 b6 19. Qf2 Nxd5 20. exd5
Bd7 21. Rb3 e6 22. Rd3 exd5 23. Bxd5 {1/2-1/2 Zarnicki,P-Spangenberg,H/ARG-ch 
(02)/1995 (40)}) (14... b5 15. b4 Qd8 16. cxb5 axb5 17. Bxb5 Ra3 $1 18. Qe1 Ng4
19. Bd2 Bd4 20. Nd1 Rxa2 $132) 15. a3 (15. f3 Nd7 16. Nd5 Qxd2 17. Bxd2 Bxd5
18. cxd5 Bd4+ 19. Kf1 Nb6 20. f4 e6 21. dxe6 fxe6 22. Bf3 Rc6 23. Rxc6 bxc6 24.
Ba5 Nd7 25. Rd1 {Morovic Fernandez,I-Spangenberg,H/Buenos Aires Najdorf (01)
1997/1-0 (58)}) 15... Qa5 16. b4 (16. f3 Nd7 17. Nd5 Qxd2 18. Bxd2 Bxd5 19.
cxd5 Bd4+ 20. Kf1 h5 21. g3 {Zontakh,A-Velimirovic,D/Pozarevac (09)/1995/1/2-1/
2 (75)}) 16... Qxa3 17. Ra1 Qxb4 18. Ra4 Nxe4 19. Rxb4 Nxd2 20. Bxd2 Rc7 21.
Na4 Bd4 22. Bf3 Rb8 23. c5 Bxc5 24. Nxc5 dxc5 25. Rbb1 b5 26. Bf4 Rbc8 27. Bxc7
Rxc7 28. Ra1 {1-0 David,Al-Antunes,A/Erevan olm (07)/1996 (38)}) 14. Nd5 (14.
Bd4 {Ivanchuk,V} Bxd4 15. Qxd4 Nf6 $5 $14 {'+/=' Krasenkow. Krasenkow:
'Ivanchuk'} (15... Qe5 $6 16. Qxe5 Nxe5 17. f4 Nc6 18. f5 Bd7 19. f6 $16 {
Ivanchuk})) 14... Qxd2 15. Bxd2 Kf8 (15... Bxd5 $5 16. exd5 Nf6 17. Bd3 Nd7 18.
Rfe1 Bf6 19. Rbd1 a5 20. a4 $6 Rc7 21. g3 h5 22. Kg2 Kg7 23. h3 b6 24. f4 Re8
25. g4 hxg4 26. hxg4 e5 27. dxe6 Rxe6 {Popovic-Velimirovic,97}) (15... Bxd5 {
Krasenkow}) 16. Bg5 (16. Bxg4 Bxg4 17. Bg5 e6 (17... f6 $11 {Tsesarsky}) 18.
Nf6 h6 19. Bxh6 Be2 20. Rfe1 Bxc4 (20... Bxh6 21. Rxe2 Ke7 22. Ng4 $16) 21.
Nd7+ Kg8 22. Bxg7 Kxg7 23. Rbd1 (23. bxc4 Rc7 24. c5 Rxd7 25. cxd6 e5 26. f4
Kf6 $14) 23... Bb5 24. Rxd6 Bxd7 25. Rxd7 Rc2 26. a4 b5 27. axb5 Rb2 {1/2-1/2
Enders,P-Brendel,O/BL 9596 Zähringen-Duisburg [5] 1995 (52)}) 16... f6 {
'?' Krasenkow.} (16... Bxd5 17. exd5 $14 (17. exd5 {Ftacnik} Nf6 {'+/='
Krasenkow.} 18. Bf3 $14) (17. Bxg4 Bxe4 18. Bxc8 Bxb1 19. Bxb7 Rb8 20. Rxb1
Rxb7 $11)) (16... Nf6 17. Nxf6 Bxf6 18. Bxf6 exf6 19. Rbd1 Ke7 20. f4 Rc5 21.
Rd4 a5 22. Rfd1 Ra6 23. g4 Rb6 24. R1d3 a4 {1/2-1/2 Tischbierek,R-Van der
Weide,K/Berliner Sommer,1997 (47)}) 17. Bd2 Ne5 (17... Nh6 $5 {Malaniuk} 18. f4
$140 (18. Rbd1 {Ftacnik} f5 19. Bf3 Bxd5 20. exd5 Nf7 $14) 18... f5 (18... f5
19. Bf3 $11)) (17... h5 {Tsesarsky} 18. Rbd1 Kf7 19. Bc3 b5 20. h3 Nh6 21. f4
$14) (17... g5 {Krasenkow} 18. g3) 18. f4 Nc6 {'?' Krasenkow.} (18... Nd7 $5) (
18... Nf7 {Ftacnik} 19. Rfe1 $14 (19. f5 $142 {Krasenkow} Bxd5 20. exd5 Bh6))
19. f5 {Krasenkow: 'xBg7'} (19. Rfe1 {Tsesarsky} Nd4 20. Bd3 f5 21. exf5 Bxd5 (
21... Bxf5 22. Bxf5 Nxf5 23. Re4 b5 24. g4 e6 25. Rxe6 Nd4 26. Re3 bxc4 27. Bb4
$1 $16) (21... gxf5 22. Rxe6 Nxe6 23. Bxf5 $16) 22. cxd5 (22. fxg6 $5 Bc6 23.
gxh7 $14) 22... Nxf5 23. Rbc1 $14) 19... Bf7 (19... gxf5 20. exf5 Bxd5 21. cxd5
Nd4 22. Bd3 Rc5 23. Be3 Rxd5 24. Be4 Re5 25. Bxb7 $16) 20. g4 (20. fxg6 {
Tsesarsky} hxg6 21. Bg4 Rd8 22. Nc7 Rab8 23. Be3 Ne5 24. Ne6+ Bxe6 25. Bxe6 $14
) (20. Rbc1 {Tsesarsky} Nd4 21. Bd3 $14) 20... Ne5 21. Rbc1 (21. h4 $5 b5 $5) (
21. Rbd1 $5 $14 {Tsesarsky}) 21... Bxd5 $6 {Black feels exceptionally limikted,
his pieces are slowly loosing space for breathing. Schwarz fuehlt sich
ungewohnlich begrenzt, seine Figuren verlieren Raum zum atmen.} (21... Nd7 $1
22. b4 e6 23. fxe6 Bxe6 24. Bf4 $14) (21... g5 {Tsesarsky} 22. Be3 $16 (22. Be3
{Ftacnik} b6 23. b4 $14)) 22. exd5 Kf7 (22... Nf7 23. h4 g5 (23... Kg8 {
Krasenkow} 24. Rce1 Rc7 $5 (24... Bh6 25. g5 fxg5 26. fxg6 hxg6 27. Bg4)) (
23... Bh6 24. g5 Bg7 25. Bg4 (25. fxg6 hxg6 26. h5 gxh5 27. Bxh5 Ne5 28. g6)
25... Ne5 26. Bh3 (26. fxg6 $5 Nxg4 27. gxh7)) 24. h5 Ne5 25. Be3 $16) 23. Be3
b6 (23... g5 {Tsesarsky} 24. Kf2 $16) 24. h4 {Krasenkow: '/\b4,c5;/\h5-h6'} h5
$2 {'?!' Krasenkow.} (24... Rc7 25. g5 (25. Kf2 $16 {Tsesarsky}) (25. fxg6+
Nxg6 26. h5 Ne5 27. g5 Rg8 28. Kh2 Ke8 $14) (25. Rce1 $16 {Ftacnik}) 25... Rac8
$16 {/+=} (25... gxf5 26. Rxf5 e6 27. dxe6+ Kxe6 28. Rcf1 fxg5 29. hxg5 Re8 $14
)) (24... Rab8 $5 {Krasenkow}) 25. gxh5 (25. fxg6+ {Ftacnik} Kxg6 $1 (25...
Nxg6 26. gxh5 Nxh4 $2 27. Bg5 $18) 26. gxh5+ Kh7 27. Rf2 Bh6 $14) 25... g5 (
25... gxf5 26. h6 (26. Rxf5 {Tsesarsky} Rh8 27. Rcf1 Rag8 28. Kh2 $18) 26...
Bh8 (26... Bxh6 27. Bxh6 Rh8 28. Be3 Rag8+ 29. Kf2 Rxh4 30. Rh1 $18) 27. Bh5+
Kg8 28. Rxf5) (25... gxh5 {Ftacnik} 26. Bxh5+ Kf8 27. a4 $18) 26. hxg5 fxg5 27.
Bxg5 (27. Kh2 {Tsesarsky} Bf6 28. Rg1 Rg8 29. Rg3 g4 30. h6 Bh4 31. Rg2 Bg5 32.
Bxg5 Rxg5 33. Kg3 Rh8 34. Rh1 Kf6 $16) 27... Bf6 (27... Rg8 28. Kf2) 28. Bf4 (
28. Bxf6 {Ftacnik} Kxf6 $16) 28... Bg5 29. Bxg5 (29. Kh2 {Ftacnik} Bxf4+ 30.
Rxf4 Rg8) 29... Rg8 30. Kf2 (30. Kh2 {Ftacnik} Rxg5 31. Rf2 Rag8 $132) 30...
Rxg5 31. Rg1 {'!?' Krasenkow.} (31. Ke3 Rag8 $132) 31... Rxf5+ (31... Rag8 {
Ftacnik} 32. Rcf1 Rxf5+ 33. Ke3) 32. Ke3 Rg8 (32... Rh8 33. Rg3 (33. Rcf1 Rxf1
(33... Kf6 {Ftacnik} 34. Ke4 Rxf1 35. Rxf1+ Kg5 36. b4 $18) 34. Rxf1+ Kg7 $16)
33... Rg8 34. Rcg1 Rxg3+ 35. Rxg3) 33. Rcf1 Rxf1 (33... Rxg1 34. Rxg1 (34. Rxg1
{Krasenkow} Rf6 35. Rf1 $18)) 34. Rxf1+ {Black has very strong knight on e5,
but the spare pawn h5 is more important. Der e5 Springer ist zwar sehr stark,
aber Mehrbauer h5 hat doch grossere Bedeutung.} Ke8 (34... Kg7 {Ftacnik} 35.
Rg1+ Kf8 36. Rxg8+ Kxg8 37. Kf4 Kf7 38. Kf5 $18) 35. Rf2 $138 (35. Rh1 $18 {
Tsesarsky}) 35... Rg3+ 36. Kf4 Rh3 37. Kg5 Rg3+ 38. Kh4 (38. Kh6 $2 {Ftacnik}
Nf7+ 39. Kh7 Kf8 40. h6 Rh3 $15) 38... Rg1 39. Kh3 (39. Bf3 {Tsesarsky} Kf7 40.
Be4+ Kg7 41. Rg2+ Rxg2 42. Bxg2 Kh6 $16) 39... Rg5 (39... Rh1+ {Ftacnik} 40.
Rh2 Rxh2+ 41. Kxh2 Kf7 42. Kg3 Kf6 43. Kf4 (43. h6 Kg6 44. Kf4 Kxh6 45. Kf5 Kg7
46. Ke6 Kf8 47. b4 Ke8 48. c5 $16) 43... Nf7 44. Bg4 Nh6 45. Be6 $18) 40. Rg2
Rf5 41. Kh4 (41. Bg4 Rf1 42. Be6 Rh1+ 43. Rh2 Rg1) 41... Kf8 (41... Rf4+ {
Ftacnik} 42. Kg5 Rf8 43. Bg4) 42. Bg4 Nxg4 (42... Rf1 43. Bh3 $18 (43. Be6 Rh1+
44. Kg5 Kg7) (43. a4 $16 {Ftacnik}) 43... Rh1 44. Rg3 (44. Rg3 {Tsesarsky} Nf7
45. Kg4 $18)) 43. Rxg4 Rf2 (43... Rf1 44. h6 Rh1+ 45. Kg5 Kg8 46. Kg6 $18) 44.
Kg3 (44. Kg3 Re2 (44... Rxa2 45. h6) (44... Rf6 {Ftacnik} 45. Rf4 $18) 45. h6
Re3+ 46. Kf4 Rh3 47. Kg5 Kg8 48. Kg6) 1-0

[Event "Bundesliga 0405 playoff"]
[Site "Bremen"]
[Date "2005.05.08"]
[Round "1.7"]
[White "Gurevich, Mikhail"]
[Black "Fish, Gennadij"]
[Result "1/2-1/2"]
[WhiteElo "2630"]
[BlackElo "2525"]
[Annotator "Gurevich,M"]
[PlyCount "62"]
[EventDate "2005.05.08"]
[EventType "team-match"]
[EventRounds "1"]
[EventCountry "GER"]
[SourceTitle "CBM 107"]
[Source "ChessBase"]
[SourceDate "2005.08.01"]
[SourceVersion "1"]
[SourceVersionDate "2005.08.01"]
[SourceQuality "1"]
[WhiteTeam "Porz"]
[BlackTeam "Werder Bremen"]
[WhiteTeamCountry "GER"]
[BlackTeamCountry "GER"]

1. c4 Nf6 2. Nc3 c5 3. Nf3 Nc6 4. d4 cxd4 5. Nxd4 Nxd4 6. Qxd4 g6 7. e4 d6 8.
Be2 Bg7 9. Be3 O-O 10. Qd2 a5 11. O-O a4 12. Rab1 $5 (12. Bd4 Be6 13. Qe3 Nd7
14. Bxg7 Kxg7 15. Nd5 Re8 16. Rac1 Nc5 17. Rc3 Bxd5 18. exd5 e5 19. dxe6 Rxe6
20. Qd4+ Qf6 $132 {1/2-1/2 Azarov,S-Inarkiev,E/Goa 2002/CBM 091 ext (30)}) (12.
f3 Qa5 13. Rab1 Be6 14. Rfc1 Rfc8 15. Rc2 Kf8 (15... Bxc4 $1 16. Nd5 Nxd5 17.
Qxa5 Rxa5 18. exd5 Rac5 $1 19. Bxc5 Bxa2 $17) 16. Qc1 Rc6 17. Nb5 Bd7 18. b4
axb3 19. axb3 Rca6 20. b4 Qd8 $132 {1-0 Ksieski,Z-Vogt,L/Leutersdorf 2003/CBM
092 ext (57)}) 12... Qa5 13. Rfc1 Be6 14. b4 axb3 15. axb3 Rfc8 16. Qd1 {
[/\17.Bd2]} (16. b4 $6 Qd8 $15) 16... Qb4 17. Bd2 Qc5 18. Be3 Qb4 $11 19. Bf3
$5 Nd7 20. Bd2 (20. Na4 $5 {(/\21.Bd2;xQb4)} Qa5 21. e5 Bf5 (21... Nxe5 22.
Bxb7 Ng4 23. Bd4 $14) 22. Bxb7 Bxb1 23. Rxb1 Bxe5 $13) 20... Qb6 21. Nd5 (21.
Be3 Qb4 $11) 21... Bxd5 22. exd5 Bd4 $36 23. Be1 Ra2 24. Rc2 Rca8 25. b4 R8a3
$1 {[/\26...Qa7]} 26. Rbc1 (26. c5 $2 dxc5 27. bxc5 Qxb1 $3 28. Qxb1 Ra1 29.
Rc1 $8 (29. Qb4 Bc3 $19) 29... Rxb1 30. Rxb1 Nxc5 $17) 26... Qa7 27. g3 Rxc2 (
27... Bb2 28. Rb1 Ne5 29. Be2 Bd4 30. Rbc1) 28. Rxc2 Ra1 29. Rc1 Ra2 30. Rc2
Ra1 31. Rc1 Ra2 $11 1/2-1/2

[Event "Paris NAO GM 3rd"]
[Site "Paris"]
[Date "2003.12.23"]
[Round "9"]
[White "Murey, Jacob"]
[Black "Vachier Lagrave, Maxime"]
[Result "1-0"]
[WhiteElo "2465"]
[BlackElo "2412"]
[Annotator "Hecht,H"]
[PlyCount "83"]
[EventDate "2003.12.15"]
[EventType "tourn"]
[EventRounds "9"]
[EventCountry "FRA"]
[EventCategory "9"]
[SourceTitle "CBM 099"]
[Source "ChessBase"]
[SourceDate "2004.03.30"]
[SourceVersion "1"]
[SourceVersionDate "2004.03.30"]
[SourceQuality "1"]

1. c4 Nf6 2. Nc3 c5 3. Nf3 Nc6 4. d4 cxd4 5. Nxd4 g6 6. e4 d6 7. Be2 Nxd4 8.
Qxd4 Bg7 9. Bg5 O-O 10. Qe3 Be6 11. O-O Qa5 12. Rab1 Rfc8 13. b4 Qb6 14. Nd5
Qxe3 15. Bxe3 Kf8 16. f3 Nxd5 17. cxd5 Bd7 18. Rfc1 a6 19. Kf2 Ke8 20. Bd3 Bb5
21. Ke2 Kd7 22. Kd2 Bxd3 23. Kxd3 Rxc1 24. Bxc1 Rc8 25. Bd2 b5 26. Rb3 Kc7 27.
Bc3 Bxc3 28. Rxc3+ Kb7 29. Rxc8 Kxc8 {[#] A theoretically interesting ending,
because it is one possibility arising from opening variation B36. White has a
slight advantage because he has a) more space, b) the reserve tempo a3.   [#]
Theoretisch interessantes Endspiel, weil es einer der möglichen Folgen der
gespielten Eröffnung B36 ist. Weiß besitzt einen kleinen Vorteil durch a) mehr
Raum, b) das Reservetempo a3.} 30. Ke3 Kd7 31. Kf4 f6 32. h4 e5+ $6 ({I
consider Ich halte} 32... Ke8 $1 {without moving the e-pawn to be a clear draw.
}) 33. dxe6+ Kxe6 34. Ke3 d5 35. Kd4 dxe4 36. Kxe4 {In my opinion, breaking up
the central pawn barrier has been of help only to White, whose space advantage
could now be decisively removed by a zugzwang. Black can still move his king
between e6-d6-c6 because of the presence of the f6-pawn. Das Auflösen der
zentralen Bauernbarriere hat m.E. nur dem Weißen geholfen, dessen Raumvorteil
sich nun durch Zugzwang in entscheidenden Vorteil entladen könnte. Noch kann
Schwarz wegen des Bf6 auf den Feldern e6-d6-c6 mit dem König pendeln.} h6 $2 (
36... Kd6 $1 37. g4 Ke6 38. g5 Kd6 39. gxf6 (39. f4 Ke6 40. Kd4 Kf5 41. gxf6
Kxf6 42. Kc5 Kf5 43. Kb6 Kxf4 44. Kxa6 Kg4 45. Kxb5 Kxh4 46. Kc6 g5 47. b5 g4
48. b6 g3 49. b7 g2 50. b8=Q g1=Q $11) 39... Ke6 40. Kd4 Kxf6 41. Kc5 g5 $3 $19
) 37. g3 (37. g4 $1 g5 (37... f5+ 38. gxf5+ gxf5+ 39. Kd4 Kd6 40. f4 h5 41. a3
$22 $18 {illustrates Black's problems in a nutshell. beleuchtet
schlaglichtartig die schwarzen Probleme.}) (37... Kd6 38. h5 gxh5 39. gxh5 Ke6
40. f4 $18) 38. h5 Ke7 (38... f5+ 39. gxf5+ Kf6 40. a3 $18) 39. Kf5 Kf7 40. a3
$18) 37... h5 (37... f5+ 38. Kd4 g5 39. f4 $18) 38. g4 g5 (38... hxg4 39. fxg4
Kf7 40. Kd5 f5 41. gxf5 gxf5 42. Ke5 Kg6 43. a3 Kh5 44. Kxf5 Kxh4 45. Ke5 Kg4
46. Kd5 Kf4 47. Kc5 Ke4 48. Kb6 Kd4 49. Kxa6 Kc4 50. Ka5 $18) 39. hxg5 h4 40.
f4 fxg5 41. fxg5 Kf7 42. Kf3 1-0

[Event "Eger Agria op"]
[Site "Eger"]
[Date "1997.??.??"]
[Round "?"]
[White "Horvath, Tamas"]
[Black "Kiss, Pal"]
[Result "1-0"]
[WhiteElo "2395"]
[BlackElo "2450"]
[Annotator "Horvath,Ta"]
[PlyCount "69"]
[EventDate "1997.07.??"]
[EventType "swiss"]
[EventRounds "9"]
[EventCountry "HUN"]
[SourceTitle "CBM 060"]
[Source "ChessBase"]
[SourceDate "1997.09.29"]
[SourceVersion "1"]
[SourceVersionDate "1997.09.29"]
[SourceQuality "1"]

1. e4 c5 2. Nf3 Nc6 3. d4 cxd4 4. Nxd4 g6 5. c4 Nf6 6. Nc3 Nxd4 7. Qxd4 d6 8.
Be2 Bg7 9. O-O O-O 10. Qd3 Nd7 {Bekannt sind auch:} (10... Bd7) (10... Be6) 11.
Bg5 {Eine solide Alternative ist :} (11. Bd2) 11... Nc5 12. Qe3 Bxc3 (12... Ne6
13. Bh6 $14 {Almasi,Z-Spangenberg/CBM/53}) (12... Bd7 13. Nd5 Re8 14. Rab1 a5 {
Franzen-Baumbach/corr./1994/96} 15. f4 $14) 13. bxc3 Re8 $5 {Neuerung von Kiss,
P. Ein Beispiel aus den Urzeiten:} (13... b6 14. Bh6 Re8 15. f4 Bb7 16. f5 $1
e6 17. fxg6 fxg6 18. e5 $16 {Smejkal-Jansa/Hradec Kralove/1981}) 14. f4 Qb6 15.
Rab1 Qc6 16. Bf3 Qa4 17. f5 Qxc4 18. Rb4 $1 Qd3 19. Qe1 Qc2 20. Bd1 $1 Qxa2 21.
Qh4 f6 (21... a5 22. f6 axb4 23. Qh6 Ne6 24. Bg4 $18) 22. fxg6 hxg6 23. Bxf6
exf6 24. Bb3+ $1 Nxb3 25. Qxf6 Bh3 (25... Bf5 26. Rxb7 Qxg2+ 27. Kxg2 Bxe4+ 28.
Kg3 Bxb7 29. Qxg6+ Kh8 30. Rf7 Re3+ (30... Rg8 31. Rh7#) 31. Kh4 Re4+ 32. Kh5
Re5+ 33. Kh6 $18) 26. Qxg6+ Kh8 27. Qh5+ Kg8 28. Qg5+ Kh8 29. Qh4+ Kg8 30. Qg3+
Kh8 31. Qxh3+ Kg8 32. Qg4+ Kh8 33. Qh5+ Kg8 34. Qg6+ Kh8 35. Rxb7 1-0

[Event "Budapest FS03 GM"]
[Site "Budapest"]
[Date "1993.??.??"]
[Round "6"]
[White "Polgar, Sofia"]
[Black "Leko, Peter"]
[Result "0-1"]
[WhiteElo "2415"]
[BlackElo "2555"]
[Annotator "Leko,P"]
[PlyCount "84"]
[EventDate "1993.03.??"]
[EventType "tourn"]
[EventRounds "11"]
[EventCountry "HUN"]
[EventCategory "8"]
[SourceTitle "CBM 037"]
[Source "ChessBase"]
[SourceDate "1993.12.01"]
[SourceVersion "1"]
[SourceVersionDate "1993.12.01"]
[SourceQuality "1"]

1. e4 c5 2. Nf3 Nc6 3. d4 cxd4 4. Nxd4 g6 5. c4 Nf6 6. Nc3 d6 7. Be2 Nxd4 8.
Qxd4 Bg7 9. Bg5 Qa5 10. Qd2 (10. Qe3 $2 Nxe4 $1 $19) 10... O-O 11. f3 Be6 12.
Rc1 Rfc8 13. b3 a6 14. Na4 (14. Nd5 Qxd2+ 15. Kxd2 Nxd5 16. cxd5 Bd7 17. Rxc8+
Rxc8 18. Rc1 $10) 14... Qxd2+ 15. Kxd2 Nd7 16. g4 (16. Bxe7 $2 Bh6+ $17) 16...
Kf8 17. Be3 (17. h4 f6 18. Be3 f5 19. gxf5 gxf5 $13) 17... Rab8 18. g5 $5 (18.
Ba7 Ra8 19. Be3 $10) 18... f5 (18... b5 $2 19. cxb5 Rxc1 20. Rxc1 axb5 21. Bxb5
$1 $18) 19. exf5 (19. gxf6 Bxf6 20. Nb6 Nxb6 21. Bxb6 Bg5+ 22. Be3 Bxe3+ 23.
Kxe3 $10) 19... Bxf5 20. f4 b5 $1 21. cxb5 (21. Nc3 Nc5 $1 $15) 21... axb5 22.
Nc3 Nc5 $1 {/\ Bc3-+} 23. Bxc5 $8 Rxc5 24. b4 Rc6 (24... Rxc3 $6 25. Rxc3 Bxc3+
26. Kxc3 Rc8+ 27. Kd4 $10) 25. Bd3 $2 (25. Nxb5 Ra6 $1 26. a3 Bd7 $17) 25...
Bxd3 26. Kxd3 Rc4 $1 $19 27. a3 Rxf4 28. Rhf1 Rxf1 29. Rxf1+ Ke8 30. Rf4 Bxc3
31. Kxc3 Rc8+ 32. Kb3 e5 33. Rh4 Rc7 34. a4 bxa4+ 35. Kxa4 Re7 $1 36. Re4 d5
37. Re1 Kd7 38. Kb3 Kd6 39. Ra1 e4 40. Kc3 Ke5 41. b5 d4+ 42. Kd2 Rf7 0-1

[Event "Corus"]
[Site "Wijk aan Zee"]
[Date "2010.01.27"]
[Round "10"]
[White "Dominguez Perez, Leinier"]
[Black "Nakamura, Hikaru"]
[Result "1/2-1/2"]
[WhiteElo "2712"]
[BlackElo "2708"]
[Annotator "Marin,M"]
[PlyCount "139"]
[EventDate "2010.01.16"]
[EventType "tourn"]
[EventRounds "13"]
[EventCountry "NED"]
[EventCategory "19"]
[SourceTitle "CBM 135"]
[Source "ChessBase"]
[SourceDate "2010.03.17"]
[SourceVersion "1"]
[SourceVersionDate "2010.03.17"]
[SourceQuality "1"]

1. e4 c5 2. Nf3 Nc6 3. d4 cxd4 4. Nxd4 g6 5. c4 Nf6 6. Nc3 Nxd4 7. Qxd4 d6 8.
Be2 Bg7 9. Be3 O-O 10. Qd2 Qa5 11. O-O Be6 12. Rfc1 Rfc8 13. b3 a6 14. Rab1 b5
$5 {This is the standard plan in the system based on an early ...Nxd4. However,
Black usually tries to prepare it with ...Rab8 or ...Qb4.} 15. b4 Qd8 16. cxb5
axb5 17. Bxb5 Ra3 18. Nd5 (18. Bf1 Ng4 $5 {This looks like the best try for
counterplay.} (18... Rcxc3 {did not yield Black sufficient compensation for
the exchange:} 19. Rxc3 Rxa2 20. Qc1 Nxe4 21. Ra3 $14 {Ivanchuk,V (2700)
-Khalifman,A (2635)/Yalta 1995/CBM 047 ext (1-0, 42)}) 19. Bd4 Bh6 20. f4 Rcxc3
{[%csl Ga2,Gf4] Only now that White's position has become over extended this
sacrifice may be fully justified.} 21. Rxc3 (21. Bxc3 $2 Rxc3 22. Rxc3 Qb6+ $19
) 21... Rxa2 22. Rc2 Bxf4 23. Rxa2 $5 Bxd2 24. Rxd2 Qa8 $13 {White does not
seem to have enough stability to take advantage of his passed pawn. Black
threatens ...Qxe4 followed by ...Bd5.}) 18... Rxc1+ $146 {This was analyzed by
Mozetic in his notes for Chess Informant, but never tried in practice.} (18...
Nxd5 19. exd5 Bf5 {Nikcevic,N (2466)-Mozetic,D (2442)/Vrnjacka Banja 1999/EXT
2000 (1/2, 42)}) 19. Qxc1 Rxa2 20. Nxf6+ Bxf6 21. Bc4 Ra8 22. Bxe6 fxe6 23. b5
Qd7 24. b6 {Mozetic ends up his comments at this point, evaluationg the
position as "+/-". It would be interesting to know if Nakamura had analyzed
the whole line at home, finding is safe for Black, or got here by chance. In
any case, "+/=" looks like a better evaluation, because in the game Black's
disadvantage seemed to be within bearable limits.} Kf7 25. Qd1 Rb8 26. Qf3 Ke8
27. Qg4 Kf7 28. Qf3 Ke8 29. Qg4 Kf7 30. Qd1 Qb7 31. Qd3 Rc8 32. h3 d5 33. Bd4
dxe4 34. Qe3 Bxd4 35. Qxd4 Rc6 36. Kh2 Rd6 37. Qh8 Rxb6 38. Qxh7+ Kf6 39. Qh8+
Kf7 40. Qh7+ Kf6 41. Re1 Qb8+ 42. g3 Rb2 43. Qh4+ Kf7 44. Qh7+ Kf6 45. Qh4+ Kf7
46. Kg2 Rb4 47. Qh7+ Kf6 48. Qh4+ Kf7 49. Qh7+ Kf6 50. Re3 Qf8 51. Qh4+ Kg7 52.
Rxe4 Rxe4 53. Qxe4 Qf5 54. f3 Qf6 55. h4 e5 56. Kh3 Qe6+ 57. Qg4 Qa6 58. Qe4
Qe6+ 59. g4 Qf6 60. Kg3 Qd6 61. Kg2 Qf6 62. Kh3 Qd6 63. Qe3 Qf6 64. h5 gxh5 65.
gxh5 Qf5+ 66. Kh4 Kf6 67. Qh6+ Kf7 68. Qe3 Kf6 69. Qh6+ Kf7 70. Qe3 1/2-1/2